[Event "Abe Yanofsky mem."]
[Site "Winnipeg CAN"]
[Date "2005.09.05"]
[Round "5"]
[White "Wasserman, Leor"]
[Black "Bist, Kent"]
[Result "0-1"]
[WhiteElo "1181"]
[BlackElo "1571"]
[PlyCount "85"]
[GameId "2160767910900455"]
[EventDate "2005.09.03"]
[EventType "swiss"]
[EventRounds "6"]
[EventCountry "CAN"]
[SourceTitle "CBM 108 Extra"]
[Source "ChessBase"]
[SourceDate "2005.11.04"]
[SourceVersion "1"]
[SourceVersionDate "2005.11.04"]
[SourceQuality "1"]

1. e4 c5 2. Nf3 Nc6 3. Nc3 d6 4. Bb5 g6 5. e5 Bg7 6. exd6 exd6 7. d4 a6 8. Bxc6+ bxc6 9. O-O Ne7 10. Bg5 O-O 11. Rb1 Qc7 12. Bxe7 Qxe7 13. Re1 Qc7 14. d5 Bg4 15. Qd3 Bf5 16. Qe3 Bxc2 17. Rbc1 Bf5 18. dxc6 Qxc6 19. Red1 Rfe8 20. Qd2 Rad8 21. Re1 Be6 22. b3 d5 23. Ne5 Qc7 24. Nf3 Qa7 25. Na4 c4 26. bxc4 dxc4 27. Qc2 Rd3 28. Nb2 Bxb2 29. Qxb2 Rb8 30. Qf6 Rb5 31. Ne5 Qd4 32. h3 Rd2 33. Re3 Rbb2 34. Rf1 Qxe3 35. Ng4 Bxg4 36. hxg4 Qe6 37. Qc3 Qxg4 38. Qa5 Rxa2 39. Qb6 Qd4 40. Qb8+ Kg7 41. Kh2 c3 42. Rc1 c2 43. Rxc2 0-1

[Event "Abe Yanofsky mem."]
[Site "Winnipeg CAN"]
[Date "2005.09.05"]
[Round "5"]
[White "Zhou, Lu"]
[Black "Sigurdson, Matthew"]
[Result "1-0"]
[WhiteElo "1805"]
[BlackElo "1115"]
[PlyCount "71"]
[GameId "2160767910900456"]
[EventDate "2005.09.03"]
[EventType "swiss"]
[EventRounds "6"]
[EventCountry "CAN"]
[SourceTitle "CBM 108 Extra"]
[Source "ChessBase"]
[SourceDate "2005.11.04"]
[SourceVersion "1"]
[SourceVersionDate "2005.11.04"]
[SourceQuality "1"]

1. e4 e6 2. d4 d5 3. Nc3 Bb4 4. e5 Ne7 5. a3 Bxc3+ 6. bxc3 O-O 7. Bd3 Ng6 8. Nf3 Nc6 9. h4 Nh8 10. Bxh7+ Kxh7 11. Ng5+ Kg8 12. Qh5 Re8 13. Qh7+ Kf8 14. Qxh8+ Ke7 15. Qxg7 Kd7 16. Nxf7 Qe7 17. Bg5 Qf8 18. Qxf8 Rxf8 19. Nh6 Ne7 20. Bxe7 Kxe7 21. g4 Bd7 22. Ke2 Be8 23. h5 Bf7 24. g5 Rh8 25. Nxf7 Kxf7 26. Rag1 Kg7 27. Rg3 Raf8 28. Rf3 Rxf3 29. Kxf3 Rf8+ 30. Kg3 Rf5 31. f4 b6 32. h6+ Kh8 33. Kg4 Rf8 34. g6 Kg8 35. Rh5 c6 36. f5 1-0

[Event "Abe Yanofsky mem."]
[Site "Winnipeg CAN"]
[Date "2005.09.05"]
[Round "6"]
[White "Anderson, George"]
[Black "Enns, Edward"]
[Result "1-0"]
[WhiteElo "1486"]
[BlackElo "1235"]
[PlyCount "101"]
[GameId "2160767910900457"]
[EventDate "2005.09.03"]
[EventType "swiss"]
[EventRounds "6"]
[EventCountry "CAN"]
[SourceTitle "CBM 108 Extra"]
[Source "ChessBase"]
[SourceDate "2005.11.04"]
[SourceVersion "1"]
[SourceVersionDate "2005.11.04"]
[SourceQuality "1"]

1. e4 c5 2. b4 e5 3. Bb2 Nc6 4. bxc5 Bxc5 5. Nf3 d6 6. d4 Qb6 7. dxc5 Qxb2 8. Nbd2 dxc5 9. Bc4 Nd4 10. Nxd4 Qxd4 11. O-O Nh6 12. Bb5+ Bd7 13. Bxd7+ Qxd7 14. Nc4 O-O-O 15. Qxd7+ Rxd7 16. Nxe5 Re7 17. Nd3 Rxe4 18. Nxc5 Rc4 19. Nd3 Rxc2 20. Rac1 Rxc1 21. Rxc1+ Kb8 22. Nc5 Rd8 23. h3 Nf5 24. Re1 h5 25. g4 hxg4 26. hxg4 Nh4 27. Re7 Rd1+ 28. Kh2 Nf3+ 29. Kg3 b6 30. Na6+ Kc8 31. Kxf3 Rd7 32. Rxd7 Kxd7 33. Ke4 Kd6 34. Kd4 Kc6 35. a4 f6 36. f4 g6 37. Nb4+ Kd6 38. Nd5 Kc6 39. Kc4 f5 40. g5 Kd6 41. Nf6 a6 42. Kb4 Kc6 43. Nh7 a5+ 44. Kb3 b5 45. axb5+ Kxb5 46. Nf8 a4+ 47. Ka3 Kc4 48. Nxg6 Kd4 49. Ne7 Ke4 50. g6 Kxf4 51. g7 1-0

[Event "Abe Yanofsky mem."]
[Site "Winnipeg CAN"]
[Date "2005.09.05"]
[Round "6"]
[White "Corsmeier, Tom"]
[Black "Plocek, Jaroslav"]
[Result "1/2-1/2"]
[WhiteElo "1586"]
[BlackElo "1532"]
[PlyCount "120"]
[GameId "2160767910900458"]
[EventDate "2005.09.03"]
[EventType "swiss"]
[EventRounds "6"]
[EventCountry "CAN"]
[SourceTitle "CBM 108 Extra"]
[Source "ChessBase"]
[SourceDate "2005.11.04"]
[SourceVersion "1"]
[SourceVersionDate "2005.11.04"]
[SourceQuality "1"]

1. e4 e5 2. Nf3 Nc6 3. d4 exd4 4. c3 Nf6 5. e5 Nd5 6. Bg5 Be7 7. Bd2 dxc3 8. Nxc3 Nxc3 9. Bxc3 Bb4 10. Bc4 Bxc3+ 11. bxc3 O-O 12. O-O d6 13. Re1 Be6 14. Bxe6 fxe6 15. exd6 cxd6 16. Rxe6 Rf6 17. Qe2 Kh8 18. Re1 Rxe6 19. Qxe6 h6 20. Rd1 Qf8 21. Rxd6 Re8 22. Qd5 Qe7 23. h3 Rd8 24. Rxd8+ Qxd8 25. Qh5 Qd1+ 26. Kh2 Qd6+ 27. g3 Qe6 28. a3 Qf6 29. Qe8+ Kh7 30. Qe4+ g6 31. Qe3 Qe7 32. Qxe7+ Nxe7 33. h4 b5 34. g4 Nd5 35. Ne5 Nxc3 36. Nd3 a5 37. Nb2 a4 38. Kg3 Nb1 39. f4 Nxa3 40. Nd3 Nc2 41. Nc1 a3 42. Kf3 b4 43. Ke2 Nd4+ 44. Kd3 a2 45. Nxa2 b3 46. Nc3 Nf3 47. h5 gxh5 48. gxh5 Kg7 49. Ke4 Nd2+ 50. Ke5 b2 51. Ke6 b1=Q 52. Nxb1 Nxb1 53. f5 Kf8 54. Kf6 Nc3 55. Kg6 Ne4 56. Kxh6 Ng3 57. Kg6 Nxh5 58. Kxh5 Kf7 59. Kg5 Kg7 60. f6+ Kf7 1/2-1/2

[Event "Abe Yanofsky mem."]
[Site "Winnipeg CAN"]
[Date "2005.09.05"]
[Round "6"]
[White "Currie, James"]
[Black "Wangen, Michael"]
[Result "1-0"]
[WhiteElo "1975"]
[BlackElo "1928"]
[PlyCount "71"]
[GameId "2160767910900459"]
[EventDate "2005.09.03"]
[EventType "swiss"]
[EventRounds "6"]
[EventCountry "CAN"]
[SourceTitle "CBM 108 Extra"]
[Source "ChessBase"]
[SourceDate "2005.11.04"]
[SourceVersion "1"]
[SourceVersionDate "2005.11.04"]
[SourceQuality "1"]

1. e4 d5 2. e5 Bf5 3. d3 c5 4. f4 Nc6 5. g4 e6 6. h4 Nh6 7. gxf5 Nxf5 8. Qg4 Ncd4 9. Kd1 c4 10. c3 Nb5 11. d4 Qa5 12. Rh2 Qa4+ 13. Ke1 Nbxd4 14. cxd4 Nxd4 15. Qd1 Nb3 16. Bd2 Qa6 17. Qxb3 cxb3 18. Bxa6 bxa6 19. a3 Bc5 20. Ne2 Ke7 21. Nc1 Rab8 22. Nd3 Bb6 23. Nc3 Rhc8 24. Rc1 f6 25. f5 fxe5 26. Nxe5 Ba5 27. fxe6 Kxe6 28. Re2 Kf5 29. Nd3 Re8 30. Nxd5 Bxd2+ 31. Kxd2 Rxe2+ 32. Kxe2 Rd8 33. Ne3+ Kg6 34. Rc5 h6 35. h5+ Kf6 36. Rc6+ 1-0

[Event "Abe Yanofsky mem."]
[Site "Winnipeg CAN"]
[Date "2005.09.05"]
[Round "6"]
[White "De Groot, Steven"]
[Black "Khedkar, Jay S"]
[Result "0-1"]
[WhiteElo "1604"]
[BlackElo "1894"]
[PlyCount "50"]
[GameId "2160767910900460"]
[EventDate "2005.09.03"]
[EventType "swiss"]
[EventRounds "6"]
[EventCountry "CAN"]
[SourceTitle "CBM 108 Extra"]
[Source "ChessBase"]
[SourceDate "2005.11.04"]
[SourceVersion "1"]
[SourceVersionDate "2005.11.04"]
[SourceQuality "1"]

1. e4 c5 2. Nf3 d6 3. d4 cxd4 4. Nxd4 Nf6 5. Nc3 a6 6. Bg5 e6 7. f4 Nbd7 8. Bc4 Qc7 9. Bb3 b5 10. Qe2 Bb7 11. Bxf6 Nxf6 12. e5 dxe5 13. fxe5 Nd7 14. Nf3 Bxf3 15. Qxf3 Qxe5+ 16. Kf1 Rd8 17. Re1 Qf6 18. Nd5 Qxf3+ 19. gxf3 Bd6 20. Ne3 O-O 21. Kg2 Nc5 22. Re2 Bf4 23. Rhe1 a5 24. c3 a4 25. Bc2 Bxe3 0-1

[Event "Abe Yanofsky mem."]
[Site "Winnipeg CAN"]
[Date "2005.09.05"]
[Round "6"]
[White "Einarsson, Ken"]
[Black "Cheyne, Andrew"]
[Result "0-1"]
[WhiteElo "1587"]
[BlackElo "1436"]
[PlyCount "64"]
[GameId "2160767910900461"]
[EventDate "2005.09.03"]
[EventType "swiss"]
[EventRounds "6"]
[EventCountry "CAN"]
[SourceTitle "CBM 108 Extra"]
[Source "ChessBase"]
[SourceDate "2005.11.04"]
[SourceVersion "1"]
[SourceVersionDate "2005.11.04"]
[SourceQuality "1"]

1. e4 e5 2. Nf3 Nc6 3. Nc3 Nf6 4. Bc4 Bc5 5. d3 h6 6. O-O O-O 7. Nd5 d6 8. c3 Bg4 9. b4 Bb6 10. Nxb6 axb6 11. h3 Bh5 12. Bd2 Ne7 13. g4 Bg6 14. Nh4 Bh7 15. Qf3 Ng6 16. Nf5 Ne7 17. Nxh6+ gxh6 18. Bxh6 Ng6 19. Bxf8 Kxf8 20. g5 Nf4 21. gxf6 Qxf6 22. Kh2 Ke7 23. Rg1 Bg6 24. Qg4 Rh8 25. Rg3 c6 26. d4 Bxe4 27. dxe5 dxe5 28. f3 Bf5 29. Qg5 Rxh3+ 30. Kg1 Rxg3+ 31. Qxg3 Be6 32. Bxe6 Ne2+ 0-1

[Event "Abe Yanofsky mem."]
[Site "Winnipeg CAN"]
[Date "2005.09.05"]
[Round "6"]
[White "Gannon, Keith"]
[Black "Booth, Kevin"]
[Result "1-0"]
[WhiteElo "1528"]
[BlackElo "1336"]
[PlyCount "81"]
[GameId "2160767910900462"]
[EventDate "2005.09.03"]
[EventType "swiss"]
[EventRounds "6"]
[EventCountry "CAN"]
[SourceTitle "CBM 108 Extra"]
[Source "ChessBase"]
[SourceDate "2005.11.04"]
[SourceVersion "1"]
[SourceVersionDate "2005.11.04"]
[SourceQuality "1"]

1. e4 e5 2. Nf3 d6 3. Be2 Be7 4. d4 exd4 5. Nxd4 Nf6 6. Nc3 Nc6 7. Nxc6 bxc6 8. O-O O-O 9. Bf3 Bd7 10. Re1 Re8 11. e5 dxe5 12. Rxe5 Bd6 13. Rxe8+ Qxe8 14. g3 Qe7 15. Bg5 Rb8 16. Rb1 Qe5 17. Bf4 Qc5 18. Bxd6 cxd6 19. Ne4 Nxe4 20. Bxe4 g6 21. a3 d5 22. Bd3 Qd4 23. c3 Qf6 24. Qe2 Re8 25. Qf1 Qf3 26. Qd1 Qf6 27. Be2 Qf5 28. Rc1 Qg5 29. Rc2 c5 30. Rd2 Be6 31. Bf3 Rd8 32. Bg2 d4 33. cxd4 cxd4 34. h4 Qf6 35. Qa4 Qe5 36. Kh2 d3 37. Qxa7 Qe1 38. Qe3 Qb1 39. Be4 Bd5 40. Qxd3 Bxe4 41. Qxb1 1-0

[Event "Abe Yanofsky mem."]
[Site "Winnipeg CAN"]
[Date "2005.09.05"]
[Round "6"]
[White "Geley, Shawn"]
[Black "Jarmasz, Mark"]
[Result "1/2-1/2"]
[WhiteElo "1540"]
[BlackElo "1977"]
[PlyCount "113"]
[GameId "2160767910900463"]
[EventDate "2005.09.03"]
[EventType "swiss"]
[EventRounds "6"]
[EventCountry "CAN"]
[SourceTitle "CBM 108 Extra"]
[Source "ChessBase"]
[SourceDate "2005.11.04"]
[SourceVersion "1"]
[SourceVersionDate "2005.11.04"]
[SourceQuality "1"]

1. e4 c5 2. Nf3 Nc6 3. c3 g6 4. d4 cxd4 5. cxd4 Bg7 6. Be3 d6 7. Bc4 Nf6 8. Nc3 O-O 9. O-O a6 10. Rc1 b5 11. Bd3 Bb7 12. d5 Nb8 13. Qd2 Nbd7 14. Bh6 b4 15. Ne2 Nc5 16. Bxg7 Kxg7 17. Ng3 a5 18. Bb1 Ba6 19. Rfe1 e5 20. Qg5 Rc8 21. Nh4 Ng8 22. Qg4 Bb5 23. f4 exf4 24. Qxf4 Kh8 25. Nf3 Bd3 26. Qe3 Bxb1 27. Rxb1 f6 28. Rbc1 Re8 29. Qd4 Nh6 30. h3 Nf7 31. Nh2 Ne5 32. Rf1 Kg7 33. Ng4 Nxg4 34. hxg4 Re5 35. Kh2 Qe7 36. Rf4 Re8 37. b3 Qd7 38. Rc4 Rc8 39. Qd1 Rce8 40. Qd4 g5 41. Nh5+ Kh8 42. Rxf6 Qxg4 43. Rh6 Qh4+ 44. Kg1 Rf8 45. Rc1 g4 46. Rxd6 Qxh5 47. Rxc5 g3 48. Rh6 Qg5 49. Rh3 Qf4 50. Kh1 Kg8 51. Rc7 Qf1+ 52. Qg1 Qd3 53. Rg7+ Kxg7 54. Qa7+ Rf7 55. Rxh7+ Kxh7 56. Qxf7+ Kh6 57. Qf6+ 1/2-1/2

[Event "Abe Yanofsky mem."]
[Site "Winnipeg CAN"]
[Date "2005.09.05"]
[Round "6"]
[White "Gustafson, Dale"]
[Black "Bist, Kent"]
[Result "1-0"]
[WhiteElo "1822"]
[BlackElo "1571"]
[PlyCount "71"]
[GameId "2160767910900464"]
[EventDate "2005.09.03"]
[EventType "swiss"]
[EventRounds "6"]
[EventCountry "CAN"]
[SourceTitle "CBM 108 Extra"]
[Source "ChessBase"]
[SourceDate "2005.11.04"]
[SourceVersion "1"]
[SourceVersionDate "2005.11.04"]
[SourceQuality "1"]

1. e4 c5 2. Nf3 Nc6 3. Bb5 a6 4. Bxc6 bxc6 5. d3 d5 6. Nc3 Bg4 7. h3 Bh5 8. O-O d4 9. Na4 e5 10. b3 Bd6 11. Nb2 f6 12. Nc4 Ne7 13. Bd2 Rb8 14. a4 Bc7 15. Bc1 Ba5 16. Nxa5 Qxa5 17. Ba3 O-O 18. Qd2 Qb6 19. Nh2 Bf7 20. f4 exf4 21. Qxf4 Rbd8 22. Qg3 Be6 23. Ng4 Ng6 24. h4 Bxg4 25. Qxg4 Ne5 26. Qg3 Rf7 27. Rf2 Qa7 28. Raf1 Kh8 29. Bc1 Qe7 30. h5 Rdf8 31. Bf4 Qe6 32. Bxe5 fxe5 33. Rxf7 Rxf7 34. Rxf7 Qxf7 35. Qxe5 h6 36. Qxc5 1-0

[Event "Abe Yanofsky mem."]
[Site "Winnipeg CAN"]
[Date "2005.09.05"]
[Round "6"]
[White "Haessel, Dale"]
[Black "Matveeva, Svetlana"]
[Result "1/2-1/2"]
[WhiteElo "2254"]
[BlackElo "2464"]
[PlyCount "53"]
[GameId "2160767910900465"]
[EventDate "2005.09.03"]
[EventType "swiss"]
[EventRounds "6"]
[EventCountry "CAN"]
[SourceTitle "CBM 108 Extra"]
[Source "ChessBase"]
[SourceDate "2005.11.04"]
[SourceVersion "1"]
[SourceVersionDate "2005.11.04"]
[SourceQuality "1"]

1. c4 Nf6 2. g3 c6 3. Bg2 d5 4. Qb3 dxc4 5. Qxc4 g6 6. Nf3 Bg7 7. O-O O-O 8. Nc3 Na6 9. d4 Be6 10. Qa4 h6 11. Rd1 Nd5 12. e4 Nb6 13. Qc2 Bg4 14. Ne2 Qc8 15. Be3 Qe6 16. b3 Rfd8 17. Rac1 f5 18. h3 Nb4 19. Qd2 fxe4 20. hxg4 exf3 21. Bxf3 N6d5 22. Bxh6 Nxa2 23. Rc4 b5 24. Rc5 Nab4 25. Bxg7 Kxg7 26. Nf4 Nxf4 27. Qxb4 1/2-1/2

[Event "Abe Yanofsky mem."]
[Site "Winnipeg CAN"]
[Date "2005.09.05"]
[Round "6"]
[White "Hogeveen Rutter, Alexander"]
[Black "Hinds, Ronald"]
[Result "1/2-1/2"]
[WhiteElo "1780"]
[BlackElo "1913"]
[PlyCount "28"]
[GameId "2160767910900466"]
[EventDate "2005.09.03"]
[EventType "swiss"]
[EventRounds "6"]
[EventCountry "CAN"]
[SourceTitle "CBM 108 Extra"]
[Source "ChessBase"]
[SourceDate "2005.11.04"]
[SourceVersion "1"]
[SourceVersionDate "2005.11.04"]
[SourceQuality "1"]

1. e4 c5 2. Nf3 e6 3. d4 cxd4 4. Nxd4 Nf6 5. f3 a6 6. c4 Nc6 7. Bg5 Qa5+ 8. Bd2 Qc7 9. Nxc6 dxc6 10. Nc3 e5 11. Be3 Be6 12. Be2 Bb4 13. Qc2 Qe7 14. O-O Bc5 1/2-1/2

[Event "Abe Yanofsky mem."]
[Site "Winnipeg CAN"]
[Date "2005.09.05"]
[Round "6"]
[White "Hughey, Micah"]
[Black "Haynes, Nicolas"]
[Result "1/2-1/2"]
[WhiteElo "2007"]
[BlackElo "2042"]
[PlyCount "96"]
[GameId "2160767910900467"]
[EventDate "2005.09.03"]
[EventType "swiss"]
[EventRounds "6"]
[EventCountry "CAN"]
[SourceTitle "CBM 108 Extra"]
[Source "ChessBase"]
[SourceDate "2005.11.04"]
[SourceVersion "1"]
[SourceVersionDate "2005.11.04"]
[SourceQuality "1"]

1. e4 d5 2. exd5 Qxd5 3. Nc3 Qa5 4. d4 Nf6 5. Nf3 Bf5 6. Ne5 c6 7. Bd3 Bxd3 8. Qxd3 e6 9. O-O Nbd7 10. Nxd7 Kxd7 11. Bf4 Rd8 12. Rfd1 Kc8 13. a3 Nh5 14. Be5 Bd6 15. Qf3 Nf6 16. Bxf6 gxf6 17. Qxf6 Qc7 18. h3 Rhg8 19. Ne4 Bf4 20. Kh1 Rg6 21. Qh4 Rh6 22. Qg4 f5 23. Qe2 fxe4 24. Qxe4 Rg8 25. c4 Qg7 26. b4 Qg6 27. Qf3 Qg4 28. Rd3 Qxf3 29. Rxf3 Rf6 30. Re1 Rgf8 31. Rd3 Bc7 32. f3 h5 33. Rde3 Kd7 34. Re4 R8f7 35. Kg1 Rg7 36. Kf1 b5 37. c5 Rg5 38. R1e2 Rd5 39. Kf2 Rg5 40. Kf1 Ke7 41. Ke1 Kf7 42. Kd2 Rg8 43. Kd3 Rfg6 44. g4 Rf6 45. Rf2 hxg4 46. hxg4 Bg3 47. Rf1 Rg7 48. Ke3 Ke7 1/2-1/2

[Event "Abe Yanofsky mem."]
[Site "Winnipeg CAN"]
[Date "2005.09.05"]
[Round "6"]
[White "Kaptsan, Aron"]
[Black "Mu, Yuchen"]
[Result "1/2-1/2"]
[WhiteElo "1900"]
[BlackElo "1990"]
[PlyCount "43"]
[GameId "2160767910900469"]
[EventDate "2005.09.03"]
[EventType "swiss"]
[EventRounds "6"]
[EventCountry "CAN"]
[SourceTitle "CBM 108 Extra"]
[Source "ChessBase"]
[SourceDate "2005.11.04"]
[SourceVersion "1"]
[SourceVersionDate "2005.11.04"]
[SourceQuality "1"]

1. d4 Nf6 2. c4 g6 3. Nc3 d5 4. cxd5 Nxd5 5. e4 Nxc3 6. bxc3 Bg7 7. Bc4 c5 8. Ne2 Nc6 9. Be3 O-O 10. O-O Qa5 11. dxc5 Ne5 12. Bb3 Ng4 13. Qc1 Rd8 14. f3 Nxe3 15. Qxe3 Bd7 16. e5 Bb5 17. c4 Ba6 18. Rad1 Rxd1 19. Rxd1 Rc8 20. e6 Qxc5 21. Rd8+ Bf8 22. Rd4 1/2-1/2

[Event "Abe Yanofsky mem."]
[Site "Winnipeg CAN"]
[Date "2005.09.05"]
[Round "6"]
[White "Klassen, Paul"]
[Black "Wasserman, Arie"]
[Result "1/2-1/2"]
[WhiteElo "1461"]
[BlackElo "1592"]
[PlyCount "71"]
[GameId "2160767910900470"]
[EventDate "2005.09.03"]
[EventType "swiss"]
[EventRounds "6"]
[EventCountry "CAN"]
[SourceTitle "CBM 108 Extra"]
[Source "ChessBase"]
[SourceDate "2005.11.04"]
[SourceVersion "1"]
[SourceVersionDate "2005.11.04"]
[SourceQuality "1"]

1. d4 d5 2. e3 Nf6 3. Bd3 Nc6 4. f4 g6 5. Nf3 Bg7 6. c3 O-O 7. O-O e6 8. Nbd2 b6 9. h3 Bb7 10. Ng5 Re8 11. Kh1 Ne7 12. g4 c5 13. Ngf3 Ne4 14. Qe1 f5 15. Rg1 a6 16. Ne5 Bxe5 17. fxe5 Rf8 18. Qh4 fxg4 19. Bxe4 dxe4 20. Qxg4 Nf5 21. Nc4 b5 22. Nd6 Nxd6 23. exd6 Qxd6 24. Bd2 cxd4 25. cxd4 e5 26. dxe5 Qxe5 27. Bc3 Qe7 28. Rad1 Bc8 29. Qh5 Rf5 30. Rxg6+ hxg6 31. Rd8+ Kf7 32. Qh7+ Ke6 33. Qg8+ Rf7 34. Qxg6+ Rf6 35. Qxe4+ Kf7 36. Qh7+ 1/2-1/2

[Event "Abe Yanofsky mem."]
[Site "Winnipeg CAN"]
[Date "2005.09.05"]
[Round "6"]
[White "Klokow, John"]
[Black "Nikouline, Alexandre"]
[Result "0-1"]
[WhiteElo "1742"]
[BlackElo "1922"]
[PlyCount "88"]
[GameId "2160767910900471"]
[EventDate "2005.09.03"]
[EventType "swiss"]
[EventRounds "6"]
[EventCountry "CAN"]
[SourceTitle "CBM 108 Extra"]
[Source "ChessBase"]
[SourceDate "2005.11.04"]
[SourceVersion "1"]
[SourceVersionDate "2005.11.04"]
[SourceQuality "1"]

1. e4 c5 2. Nf3 d6 3. d4 cxd4 4. Nxd4 Nf6 5. Nc3 a6 6. Rg1 e6 7. g4 d5 8. e5 Nfd7 9. Bf4 Qb6 10. Nb3 Nc6 11. Be3 d4 12. Bxd4 Nxd4 13. Qxd4 Qxd4 14. Nxd4 Nxe5 15. O-O-O Bc5 16. Be2 Ng6 17. Ne4 Bb6 18. Rgf1 Bc7 19. Rh1 Nh4 20. Nf3 Nxf3 21. Bxf3 Ke7 22. h4 Rb8 23. Rhe1 Rd8 24. Rxd8 Bxd8 25. a3 b6 26. Nc3 Bb7 27. Bxb7 Rxb7 28. h5 Rd7 29. Rd1 Rxd1+ 30. Kxd1 f5 31. f3 Kf6 32. Ne2 fxg4 33. fxg4 e5 34. Ng3 Kg5 35. Nf5 Kxg4 36. Nxg7 e4 37. Ke2 Bf6 38. h6 Bxb2 39. Ke3 Bxa3 40. Kxe4 Bc1 41. Ne8 Kg5 42. c4 a5 43. Nd6 a4 44. Nb5 Bb2 0-1

[Event "Abe Yanofsky mem."]
[Site "Winnipeg CAN"]
[Date "2005.09.05"]
[Round "6"]
[White "Lafreniere, Adrian"]
[Black "Tang, Edward"]
[Result "1-0"]
[WhiteElo "1763"]
[BlackElo "1985"]
[PlyCount "85"]
[GameId "2160767910900472"]
[EventDate "2005.09.03"]
[EventType "swiss"]
[EventRounds "6"]
[EventCountry "CAN"]
[SourceTitle "CBM 108 Extra"]
[Source "ChessBase"]
[SourceDate "2005.11.04"]
[SourceVersion "1"]
[SourceVersionDate "2005.11.04"]
[SourceQuality "1"]

1. e4 c5 2. b3 d6 3. Bb2 Nc6 4. Nf3 e5 5. d3 Nf6 6. h3 g6 7. g3 Bg7 8. Bg2 O-O 9. Nc3 h6 10. Qd2 Be6 11. O-O Nh7 12. Kh2 f5 13. Nh4 Qe8 14. exf5 gxf5 15. Nd5 Qf7 16. c4 Nd4 17. Bxd4 cxd4 18. Rae1 Rae8 19. Qb4 Qd7 20. Nf4 Bf7 21. Nfg6 b6 22. Nxf8 Nxf8 23. Qd2 d5 24. Bxd5 Bxd5 25. cxd5 Qxd5 26. Nxf5 Re6 27. Re4 Kh7 28. Rc1 Qd7 29. Qe2 Bf6 30. Qh5 Bg5 31. Rce1 Rf6 32. g4 Ng6 33. Nxh6 Bxh6 34. g5 Rxf2+ 35. Kg1 Qf5 36. Qxh6+ Kg8 37. Qxg6+ Qxg6 38. Kxf2 Qf5+ 39. Kg3 Kh7 40. Rxe5 Qxd3+ 41. Kg4 Qc2 42. Re7+ Kg8 43. Kh5 1-0

[Event "Abe Yanofsky mem."]
[Site "Winnipeg CAN"]
[Date "2005.09.05"]
[Round "6"]
[White "Lauritson, Jim"]
[Black "Zhou, Lu"]
[Result "1-0"]
[WhiteElo "1936"]
[BlackElo "1805"]
[PlyCount "77"]
[GameId "2160767910900473"]
[EventDate "2005.09.03"]
[EventType "swiss"]
[EventRounds "6"]
[EventCountry "CAN"]
[SourceTitle "CBM 108 Extra"]
[Source "ChessBase"]
[SourceDate "2005.11.04"]
[SourceVersion "1"]
[SourceVersionDate "2005.11.04"]
[SourceQuality "1"]

1. d4 d5 2. c4 e6 3. Nc3 Nf6 4. Bg5 Nbd7 5. cxd5 exd5 6. e3 c6 7. Bd3 Be7 8. Nf3 Ne4 9. Bxe7 Qxe7 10. O-O O-O 11. Qc2 f5 12. Rae1 Kh8 13. Nd2 Nxd2 14. Qxd2 Nf6 15. Qc2 Ne4 16. f3 Nxc3 17. bxc3 Qh4 18. e4 fxe4 19. fxe4 Be6 20. e5 b5 21. Rf2 Qxf2+ 22. Qxf2 Rxf2 23. Kxf2 g6 24. Ke3 Rf8 25. Rf1 Rxf1 26. Bxf1 g5 27. Bd3 Kg7 28. Kf3 h6 29. Kg3 h5 30. h4 Kh6 31. a3 a6 32. Kf3 a5 33. g3 Bg4+ 34. Kg2 Be6 35. Kh2 Bd7 36. Bf1 Be8 37. Bh3 Kg6 38. Kg1 c5 39. dxc5 1-0

[Event "Abe Yanofsky mem."]
[Site "Winnipeg CAN"]
[Date "2005.09.05"]
[Round "6"]
[White "Lipnowski, Samuel"]
[Black "Gentes, Kevin"]
[Result "1-0"]
[WhiteElo "2126"]
[BlackElo "2342"]
[PlyCount "65"]
[GameId "2160767910900474"]
[EventDate "2005.09.03"]
[EventType "swiss"]
[EventRounds "6"]
[EventCountry "CAN"]
[SourceTitle "CBM 108 Extra"]
[Source "ChessBase"]
[SourceDate "2005.11.04"]
[SourceVersion "1"]
[SourceVersionDate "2005.11.04"]
[SourceQuality "1"]

1. d4 Nf6 2. c4 g6 3. Nc3 Bg7 4. e4 O-O 5. Bg5 c5 6. d5 h6 7. Be3 d6 8. f3 e6 9. Qd2 exd5 10. cxd5 Kh7 11. Nge2 a6 12. a4 Nbd7 13. Nc1 Re8 14. Be2 Ne5 15. O-O Qa5 16. Nb1 Qc7 17. a5 b5 18. axb6 Qxb6 19. Na3 Rb8 20. Ra2 Bd7 21. Kh1 Qb7 22. Nc4 Nxc4 23. Bxc4 Bb5 24. b3 Nd7 25. Nd3 Nb6 26. Rc1 Qe7 27. Bf4 Nc8 28. Nxc5 Bxc4 29. bxc4 Nb6 30. Nxa6 Rbc8 31. Qb4 Bd4 32. Qxd6 Qb7 33. Qb4 1-0

[Event "Abe Yanofsky mem."]
[Site "Winnipeg CAN"]
[Date "2005.09.05"]
[Round "6"]
[White "Magyar, Peter"]
[Black "Pierre, Rolland"]
[Result "0-1"]
[WhiteElo "1685"]
[BlackElo "1537"]
[PlyCount "62"]
[GameId "2160767910900475"]
[EventDate "2005.09.03"]
[EventType "swiss"]
[EventRounds "6"]
[EventCountry "CAN"]
[SourceTitle "CBM 108 Extra"]
[Source "ChessBase"]
[SourceDate "2005.11.04"]
[SourceVersion "1"]
[SourceVersionDate "2005.11.04"]
[SourceQuality "1"]

1. e4 c5 2. Nc3 e6 3. g3 Nc6 4. Bg2 Nf6 5. d3 d5 6. exd5 exd5 7. Bg5 Be6 8. Nge2 h6 9. Bxf6 Qxf6 10. Nxd5 Bxd5 11. Bxd5 O-O-O 12. Bg2 c4 13. O-O Bc5 14. Nf4 Kb8 15. Qb1 g5 16. Nd5 Qf5 17. Be4 Qe6 18. b4 Bd6 19. a4 f5 20. Bg2 f4 21. a5 Rhf8 22. a6 f3 23. dxc4 fxg2 24. Re1 Qf5 25. Re2 Nd4 26. Rd2 Nf3+ 27. Kxg2 Nxd2 28. Qg1 Qf3+ 29. Kh3 g4+ 30. Kh4 Qf5 31. Ra3 Qg5# 0-1

[Event "Abe Yanofsky mem."]
[Site "Winnipeg CAN"]
[Date "2005.09.05"]
[Round "6"]
[White "Melamedoff, Gustavo"]
[Black "Rutter, Blair"]
[Result "1-0"]
[WhiteElo "2024"]
[BlackElo "1772"]
[PlyCount "67"]
[GameId "2160767910900476"]
[EventDate "2005.09.03"]
[EventType "swiss"]
[EventRounds "6"]
[EventCountry "CAN"]
[SourceTitle "CBM 108 Extra"]
[Source "ChessBase"]
[SourceDate "2005.11.04"]
[SourceVersion "1"]
[SourceVersionDate "2005.11.04"]
[SourceQuality "1"]

1. Nf3 d5 2. g3 Nf6 3. Bg2 c5 4. O-O Nc6 5. d3 e6 6. Nbd2 Qc7 7. b3 Be7 8. Bb2 Bd7 9. e3 h6 10. a3 Rg8 11. c4 g5 12. cxd5 Nxd5 13. d4 h5 14. dxc5 f5 15. Nd4 g4 16. Nxf5 exf5 17. Bxd5 Rg6 18. b4 Be6 19. Bxe6 Rxe6 20. Qb3 Kf7 21. Nc4 Bf6 22. Nd6+ Ke7 23. Nxf5+ Kf7 24. Bxf6 Kxf6 25. Nd4 Re7 26. Nxc6 Qxc6 27. Rad1 Qf3 28. Rd6+ Kg7 29. Qd3 Qf7 30. Qd5 Qe8 31. Qg5+ Kf8 32. Rf6+ Rf7 33. Qh6+ Ke7 34. Re6+ 1-0